Score 0/10 Timer 01:00
0 Plays Today
% Correct
Death to first borns
68.9%
Water to blood
54.7%
Frogs
50.7%
Darkness
44.2%
Locusts
39.6%
Lice
32%
Flies or wild animals
30.4%
Disease on livestock
29.8%
Hail and thunder
29.6%
Unhealable boils
28.5%

Today's Daily Dose

You're not logged in!

Compare scores with friends on all Sporcle quizzes.
OR
Log In

Sporcle TV

Today on Sporcle TV


Watch our educational content, quiz creation guides, and fun videos on Sporcle TV.

Show Comments

Extras

Top Quizzes Today


Score Distribution

Your Account Isn't Verified!

In order to create a playlist on Sporcle, you need to verify the email address you used during registration. Go to your Sporcle Settings to finish the process.

Report this User

Report this user for behavior that violates our Community Guidelines.

Details: